000 00367nam a2200133Ia 4500
008 151001s9999||||xx |||||||||||||| ||und||
100 _aविनोद कुमार श्रीवास्तव
245 _aएवजी में शब्द
250 _a1
260 _bसंभावना
260 _c२०१४
300 _a80
365 _b21
999 _c1001725
_d1001722